| 000 | 00575cam a2200205 4500 | ||
|---|---|---|---|
| 008 | 090401t1990 xxu||||| |||| 00| 0 eng d | ||
| 020 | _a0117301965 | ||
| 035 | _a(Sirsi) u60143 | ||
| 041 | _aeng | ||
| 050 | _a346.41032 | ||
| 110 |
_aEngland and Wales _bLaw Commission _93302 |
||
| 245 | _aContributory negligence as a defence in contract | ||
| 260 |
_aLondon _bHMSO _c1990 |
||
| 300 | _avi,79p. ; 21cm. | ||
| 350 | _a3.5 | ||
| 490 |
_aLaw Commission Working Paper _v114 |
||
| 650 | _aLAW REFORM CONTRIBUTORY NEGLIGENCE ACT 1945 | ||
| 942 | _n0 | ||
| 948 | _c04/03/1997 | ||
| 999 |
_c94198 _d94198 |
||